Field work in social work perspective (Record no. 1462798)

MARC details
000 -LEADER
fixed length control field 00521nam a2200205Ia 4500
005 - DATE AND TIME OF LATEST TRANSACTION
control field 20250923150356.0
008 - FIXED-LENGTH DATA ELEMENTS--GENERAL INFORMATION
fixed length control field 008 250917s9999 xx 000 0 eng d
037 ## - SOURCE OF ACQUISITION
Stock number Textual
040 ## - CATALOGING SOURCE
Original cataloging agency DSWL
Language of cataloging eng
Transcribing agency DSWL
041 ## - LANGUAGE CODE
Language code of text/sound track or separate title eng
Source of code eng
084 ## - COLON CLASSIFICATION NUMBER
Assigning agency DSWL
100 ## - MAIN ENTRY--PERSONAL NAME
Personal name Bhanti, Raj
9 (RLIN) 845285
245 #0 - TITLE STATEMENT
Title Field work in social work perspective
Statement of responsibility, etc. by Raj Bhanti
260 ## - PUBLICATION, DISTRIBUTION, ETC.
Place of publication, distribution, etc. Rajasthan
Name of publisher, distributor, etc. Himanshu Pub.
Date of publication, distribution, etc. 1996
300 ## - PHYSICAL DESCRIPTION
Extent 188 p.
365 ## - TRADE PRICE
Price type code INR
Price amount 995
925 ## -
-- 995
942 ## - ADDED ENTRY ELEMENTS (KOHA)
Koha item type Textual
Holdings
Withdrawn status Lost status Damaged status Not for loan Home library Current library Date acquired Source of acquisition Total Checkouts Barcode Date last seen Price effective from Koha item type
        Department of Social Work Library Department of Social Work Library 2025-09-23 R.K. Books   SW0032720 2025-09-23 2025-09-23 Textual
Copyright @ Delhi University Library System